00305nam a2200121Ia 4500008004100000082001500041100001500056245002300071260003700094365000600131630002300137730002300160100415s9999 xx 000 0 und d b10986a770 aKInne,Russ aNature Photography aNEW YORKc1962bA.S. Barnest &CO b0 aNature Photography aNature Photography